Hauptstädte mit 4 Buchstaben - Statistiken

Allgemein
  • Dieses Quiz wurde 197 mal gespielt
  • Das Durchschnittsergebnis liegt bei 10 aus 16
Antwortstatistiken
Kontinent Stadt % Korrekt
Europa Oslo
91%
Europa Bern
88%
Südamerika Lima
86%
Europa Wien
86%
Europa Prag
80%
Europa Riga
74%
Europa Kiew
70%
Asien Riad
55%
Asien Baku
52%
Asien Doha
51%
Asien Dili
43%
Afrika Lomé
43%
Asien Malé
43%
Ozeanien Suva
43%
Ozeanien Apia
30%
Afrika Juba
28%
Keine übereinstimmenden Quizze gefunden
Verteilung der Resultate
Anzahl Personen mit jedem Resultat
Perzentil nach korrekt beantworteten Fragen
Ihre Resultats-Entwicklung
Sie haben dieses Quiz noch nicht gespielt